Managing technical people : innovation, teamwork, and the software process

Bibliographic Details
Main Author: Humphrey, Watts S. (Author)
Format: Book
Published: Reading, Mass. : Addison-Wesley , c1997
Series:SEI series in software engineering
Subjects:

MARC

LEADER 00000cam a2200000 7i4500
001 0000009109
005 20021119093000.0
020 |a 0201545977 
090 0 0 |a QA76.76.D47   |b H86 1997 
100 0 |a Humphrey, Watts S. ,   |e author 
245 0 0 |a Managing technical people :   |b innovation, teamwork, and the software process   |c Watts, S. Humphrey 
260 2 |a Reading, Mass. :   |b Addison-Wesley ,   |c c1997 
300 |a xix, 326 p. ; ;   |c 24 cm. 
440 0 0 |a SEI series in software engineering 
504 |a Includes bibliographical references and index 
650 0 |a Computer software   |x Development   |x Management 
650 0 |a Industrial project management 
999 |a 1000072732   |b Book   |c OPEN SHELF (30 DAYS)   |e Tembila Campus